000 00506cam a22001457a 4500
008 180718b1961 xxu||||| |||| 00| 0 eng d
082 _aK715 N213
245 _aFollowing up attitude survey findings
_cby National Industrial Conference Board, USA
260 _aNew York
_bNational Industrial Conference Board
_c1961
300 _a76p.
500 _aStudies in Personnel Policy No.181:$3.00
650 _aHabbe, Stephen
650 _aSuggestion Systems
700 _aUSA. National Industrial Conference Board
999 _c480839
_d480839